Creative Economy and Sustainable Development 2025 (Record no. 8526)

MARC details
000 -LEADER
fixed length control field 00363nam a2200133Ia 4500
008 - FIXED-LENGTH DATA ELEMENTS--GENERAL INFORMATION
fixed length control field 260604s9999 xx 000 0 und d
020 ## - INTERNATIONAL STANDARD BOOK NUMBER
International Standard Book Number 9781647255800
082 ## - DEWEY DECIMAL CLASSIFICATION NUMBER
Classification number 330 LEB
100 ## - MAIN ENTRY--PERSONAL NAME
Personal name Danny lebel
9 (RLIN) 35702
245 #0 - TITLE STATEMENT
Title Creative Economy and Sustainable Development 2025
260 ## - PUBLICATION, DISTRIBUTION, ETC.
Name of publisher, distributor, etc. NY Research Press
500 ## - GENERAL NOTE
General note Economy, Sustainable Development
942 ## - ADDED ENTRY ELEMENTS (KOHA)
Koha item type Book
Holdings
Date last seen Total Checkouts Full call number Barcode Cost, replacement price Price effective from Koha item type Lost status Damaged status Not for loan Withdrawn status Home library Current library Shelving location Date acquired Cost, normal purchase price BOOK NO
06/04/2026   330 LEB 004144 14230.50 06/04/2026 Book         Indian Institute of Management Visakhapatnam Indian Institute of Management Visakhapatnam   06/04/2026 14230.50 LEB

Copyright © 2024 Indian Institute of Management Visakhapatnam
Koha v23.05